Statystyki dla Miejscowości w powiecie Toruńskim part 1

Kliknij tutaj aby rozwiązać quiz!

Ogólne statystyki

  • Ten quiz został rozwiązany 2 razy
  • Średni wynik to 2 z 15

Statystyki odpowiedzi

hintOdpowiedź% Poprawnych
GminaChełmżą
100%
SołectwoPigża
50%
SołectwoBierzgłowo
0%
SołectwoBiskupice
0%
SołectwoBogusławki
0%
SołectwoDębiny
0%
SołectwoKończewice
0%
SołectwoŁążyn
0%
SołectwoLeszcz
0%
GminaŁubianka
0%
SołectwoNawra
0%
SołectwoPrzeczno
0%
SołectwoWarszewice
0%
SołectwoWybcz
0%
SołectwoWybczyk
0%

Rozkład punktacji

Percentyl według liczby udzielonych odpowiedzi

Procent ludzi z każdym wynikiem

Twoja historia wyników

Nie rozwiązałeś tego quizu